[Event "Espalion Op"]
[Site "Espalion"]
[Date "2017.07.21"]
[Round "8.6"]
[White "Grichkevitch, Gilles"]
[Black "Daulyte, Deimante"]
[Result "0-1"]
[WhiteElo "1990"]
[BlackElo "2419"]
[PlyCount "62"]
[EventDate "2017.??.??"]

1. e4 c5 2. Nf3 Nc6 3. Bb5 g6 4. Bxc6 bxc6 5. O-O Bg7 6. Re1 Nh6 7. c3 O-O 8.
h3 f5 9. e5 Nf7 10. d4 cxd4 11. cxd4 Bb7 12. Nc3 c5 13. d5 e6 14. Qb3 Qb6 15.
Qc4 Qb4 16. Qd3 Qa5 17. Bd2 Rac8 18. Qc2 Qa6 19. dxe6 dxe6 20. Bf4 Bxf3 21.
gxf3 Qc6 22. Qa4 Qxa4 23. Nxa4 g5 24. Bd2 Nxe5 25. Kg2 h6 26. Rad1 Rfd8 27. Bc3
Nd3 28. Rf1 Bxc3 29. bxc3 c4 30. Kg3 Rb8 31. Rd2 Rd5 0-1

[Event "Espalion Op"]
[Site "Espalion"]
[Date "2017.07.21"]
[Round "8.7"]
[White "Verot, Melanie"]
[Black "Gerard, Nicolas"]
[Result "1/2-1/2"]
[WhiteElo "2024"]
[BlackElo "2189"]
[PlyCount "75"]
[EventDate "2017.??.??"]

1. e4 c6 2. d4 d5 3. exd5 cxd5 4. Bd3 Nc6 5. c3 g6 6. Ne2 Bg7 7. O-O Nf6 8. Bf4
O-O 9. Qd2 Re8 10. Na3 a6 11. Rad1 Bd7 12. Ng3 Qb6 13. Nc2 Bg4 14. Rde1 Rac8
15. Ne3 Be6 16. h4 h5 17. Nd1 Bd7 18. Kh1 Rcd8 19. f3 Bc8 20. Qc2 Kh7 21. Be5
Rh8 22. f4 e6 23. Ne3 Ne7 24. f5 exf5 25. Nexf5 Nxf5 26. Nxf5 gxf5 27. Bxf5+
Kg8 28. Bxc8 Rxc8 29. Bxf6 Bxf6 30. Qf5 Kg7 31. Re3 Rc6 32. Rg3+ Kf8 33. Rgf3
Rh6 34. Qxd5 Qxb2 35. R1f2 Qb5 36. Qd7 Rg6 37. d5 Rc4 38. Qxb5 1/2-1/2

[Event "Espalion Op"]
[Site "Espalion"]
[Date "2017.07.21"]
[Round "8.8"]
[White "Moingt, Jean-Claude"]
[Black "Flaujac, Benoit"]
[Result "1-0"]
[WhiteElo "2155"]
[BlackElo "1809"]
[PlyCount "67"]
[EventDate "2017.??.??"]

1. Nf3 Nc6 2. c4 Nf6 3. Nc3 e5 4. g3 Bc5 5. Bg2 O-O 6. O-O d6 7. d3 h6 8. Na4
Bb6 9. a3 Re8 10. Nd2 Bf5 11. Nxb6 axb6 12. Nb1 Qd7 13. Re1 Bh3 14. Bh1 h5 $6
15. Nc3 h4 16. Bg5 hxg3 17. hxg3 Ng4 18. f3 Qf5 19. Ne4 Nf6 20. Bxf6 gxf6 21.
Bg2 Bxg2 22. Kxg2 Kg7 23. g4 Qg6 24. Ng3 Rh8 (24... Ne7) 25. Nf5+ Kf8 26. Rh1
Rxh1 27. Qxh1 Ne7 28. Qh8+ Ng8 29. Rh1 Ke8 30. Rh7 Kd7 31. Rg7 Ne7 32. Qxa8
Nxf5 33. Rxg6 Nh4+ 34. Kf2 1-0

[Event "Espalion Op"]
[Site "Espalion"]
[Date "2017.07.21"]
[Round "8.9"]
[White "Israel, Gregory"]
[Black "Le Borgne, Romain"]
[Result "1-0"]
[WhiteElo "2043"]
[BlackElo "1853"]
[PlyCount "81"]
[EventDate "2017.??.??"]

1. d4 Nf6 2. Bf4 g6 3. e3 Bg7 4. h3 d6 5. Nf3 O-O 6. Be2 c5 7. O-O cxd4 8. exd4
Nd5 9. Bc1 Nc6 10. c4 Nb6 11. Nc3 Bf5 12. Be3 Rc8 13. Qd2 d5 14. b3 dxc4 15.
bxc4 e5 16. d5 Nb4 17. g4 e4 18. Nd4 Nxc4 19. Bxc4 Rxc4 20. gxf5 gxf5 21. Nde2
Qh4 22. Kg2 Nd3 23. f4 exf3+ 24. Rxf3 f4 25. Qxd3 fxe3 26. Raf1 Be5 27. Qxe3 f6
28. Rf4 Bxf4 29. Rxf4 Qg5+ 30. Kh2 Rxf4 31. Nxf4 Qe5 32. Qg3+ Kf7 33. Nce2 Rg8
34. Qd3 f5 35. Qb3 Qd6 36. Qxb7+ Kf6 37. Qxh7 Re8 38. Qg6+ Ke7 39. Qg5+ Kd7 40.
Qxf5+ Kc7 41. Nd4 1-0

[Event "Espalion Op"]
[Site "Espalion"]
[Date "2017.07.21"]
[Round "8.10"]
[White "Veschambre, Antoine"]
[Black "Larcheveque, Francois"]
[Result "0-1"]
[WhiteElo "1682"]
[BlackElo "2023"]
[PlyCount "88"]
[EventDate "2017.??.??"]

1. e4 e6 2. Nf3 d5 3. Nc3 d4 4. Ne2 c5 5. c3 Nf6 6. e5 Nfd7 7. cxd4 Nc6 8. Qa4
Qb6 9. dxc5 Bxc5 10. d4 Bb4+ 11. Bd2 Be7 12. Qc2 f6 13. exf6 Nxf6 14. Rd1 Bd7
15. a3 Rc8 16. Nc3 Nxd4 17. Nxd4 Qxd4 18. Be3 Qe5 19. Be2 Bc5 20. Bxc5 Rxc5 21.
O-O O-O 22. Rfe1 Qc7 23. Qb3 Kh8 24. Rd3 e5 25. Re3 Bc6 26. Qb4 b6 27. Bd3 Re8
28. Qh4 Qb7 29. f3 Qd7 30. Bg6 Re7 31. Rd1 Qc7 32. Red3 Rd7 33. Bf5 Rxd3 34.
Rxd3 h6 35. Qg3 Rc4 36. Be6 Rf4 37. Qe1 Rd4 38. Re3 e4 39. Nxe4 Nxe4 40. fxe4
Qd6 41. Bg4 Rd2 42. b4 Qd4 43. h3 Bxe4 44. Bf3 Bxf3 0-1

[Event "Espalion Op"]
[Site "Espalion"]
[Date "2017.07.21"]
[Round "8.11"]
[White "Kozlowski, Thierry"]
[Black "Lagunes, Robin"]
[Result "0-1"]
[WhiteElo "1951"]
[BlackElo "1893"]
[PlyCount "94"]
[EventDate "2017.??.??"]

1. d4 c6 2. g3 d5 3. Bg2 Nf6 4. Nd2 Bf5 5. Ngf3 h6 6. c4 e6 7. O-O Be7 8. Ne5
O-O 9. f3 Bh7 10. e3 Nbd7 11. b3 Nxe5 12. dxe5 Nd7 13. Bb2 Bc5 14. Qe2 Qb6 15.
Rfe1 Rfd8 16. cxd5 cxd5 17. Kh1 Rac8 18. f4 Bb4 19. Rac1 Qa5 20. Red1 Qxa2 21.
Rxc8 Rxc8 22. Qb5 Bxd2 23. Qxd7 Rf8 24. Bd4 Qxb3 25. Rg1 Bxe3 26. Bxe3 Qxe3 27.
Qxb7 Qb6 28. Qe7 Rc8 29. g4 Be4 30. Bxe4 dxe4 31. f5 e3 32. Re1 Qc6+ 33. Kg1
Qf3 34. Qh4 Rc2 35. Qg3 Qf2+ 36. Kh1 Qxg3 37. hxg3 e2 38. Kg2 a5 39. Kf3 Ra2
40. g5 hxg5 41. fxe6 fxe6 42. Kg4 a4 43. Kxg5 Kf7 44. Kf4 a3 45. Ke3 Rb2 46.
Ra1 a2 47. Kf2 Rb1 0-1

[Event "Espalion Op"]
[Site "Espalion"]
[Date "2017.07.21"]
[Round "8.12"]
[White "Labarrere, Daniel"]
[Black "Lagunes, Jean-Renaud"]
[Result "0-1"]
[WhiteElo "1816"]
[BlackElo "1951"]
[PlyCount "102"]
[EventDate "2017.??.??"]

1. e4 d5 2. Nc3 dxe4 3. Nxe4 Qd5 4. Nc3 Qa5 5. d4 Nf6 6. Bd2 Qb6 7. Nf3 c6 8.
Bc4 Bf5 9. Bb3 e6 10. O-O Bd6 11. Re1 O-O 12. h3 Nbd7 13. Qe2 Rfe8 14. Rad1 a5
15. a3 Qc7 16. Nh4 Bg6 17. Nxg6 hxg6 18. Ne4 Nxe4 19. Qxe4 Nf6 20. Qf3 a4 21.
Ba2 b5 22. c3 Rec8 23. Bg5 Nd5 24. g3 Re8 25. Kg2 Rac8 26. h4 f6 27. Bc1 Qf7
28. Rh1 Bb8 29. h5 g5 30. Bb1 Ne7 31. Qg4 Red8 32. Rde1 Rd6 33. Re2 c5 34. dxc5
Rxc5 35. Rhe1 Nf5 36. Qb4 Qc7 37. Rxe6 Rxe6 38. Rxe6 Re5 39. Rxe5 Qxe5 40. Bxf5
Qxf5 41. Qd4 Be5 42. Qd5+ Kh7 43. Be3 g4 44. Qxb5 Qe4+ 45. Kf1 Bxg3 46. Qb4
Qh1+ 47. Ke2 Qf3+ 48. Kf1 Bh2 49. Qxa4 $4 g3 50. Qc2+ f5 51. Ke1 g2 0-1

[Event "Espalion Op"]
[Site "Espalion"]
[Date "2017.07.21"]
[Round "8.13"]
[White "Joliez, Didier"]
[Black "Canivet, Arnaud"]
[Result "1-0"]
[WhiteElo "1901"]
[BlackElo "1760"]
[PlyCount "51"]
[EventDate "2017.??.??"]

1. e4 d6 2. d4 g6 3. f4 Bg7 4. Nf3 Nd7 5. Be2 c5 6. e5 Nh6 7. e6 fxe6 8. Ng5
Nf6 9. Bb5+ Kf8 10. Bc4 d5 11. Be2 Nf5 12. dxc5 Qa5+ 13. c3 Qxc5 14. Qd3 h6 15.
Nh3 Kf7 16. g4 Nd6 17. Be3 Qc6 18. Rg1 Nfe4 19. Nf2 e5 20. fxe5 Bxe5 21. Bd4
Nxf2 22. Rf1 Nde4 23. Bxe5 Ke6 24. Rxf2 Nxf2 25. Qe3 Rf8 26. Bg7+ 1-0

[Event "Espalion Op"]
[Site "Espalion"]
[Date "2017.07.21"]
[Round "8.14"]
[White "Huin, Eric"]
[Black "Uliczny, Kevin"]
[Result "1/2-1/2"]
[WhiteElo "1801"]
[BlackElo "1690"]
[PlyCount "48"]
[EventDate "2017.??.??"]

1. e4 e5 2. Nf3 Nf6 3. Nc3 Bb4 4. Bc4 Nc6 5. O-O O-O 6. d3 h6 7. a3 Bxc3 8.
bxc3 d5 9. exd5 Nxd5 10. Bxd5 Qxd5 11. c4 Qd8 12. h3 Bf5 13. Bb2 e4 14. dxe4
Qxd1 15. Rfxd1 Bxe4 16. Nd4 Nxd4 17. Rxd4 Bxc2 18. Rd7 Rac8 19. Be5 Rfd8 20.
Rxd8+ Rxd8 21. Rc1 Bd3 22. c5 c6 23. Bd6 Re8 24. Rc3 Ba6 1/2-1/2

[Event "Espalion Op"]
[Site "Espalion"]
[Date "2017.07.21"]
[Round "8.15"]
[White "Saya, Ethan"]
[Black "Moingt, Anne"]
[Result "0-1"]
[WhiteElo "1775"]
[BlackElo "2027"]
[PlyCount "30"]
[EventDate "2017.??.??"]

1. e4 c5 2. Nc3 Nc6 3. g3 g6 4. Bg2 Bg7 5. d3 d6 6. Be3 e5 7. Qd2 Nge7 8. Nh3
Nd4 9. O-O Bxh3 10. Bxd4 Bxg2 11. Kxg2 cxd4 12. Ne2 O-O 13. f4 f5 14. Rf3 fxe4
15. dxe4 d5 0-1

[Event "Espalion Op"]
[Site "Espalion"]
[Date "2017.07.21"]
[Round "8.16"]
[White "Crouzet, Emeric"]
[Black "Carno, Matthias"]
[Result "1/2-1/2"]
[WhiteElo "1950"]
[BlackElo "1782"]
[PlyCount "65"]
[EventDate "2017.??.??"]

1. d4 d5 2. c4 dxc4 3. e4 c5 4. d5 e6 5. Bxc4 exd5 6. Bxd5 Bd6 7. Nc3 Ne7 8.
Bc4 a6 9. a4 O-O 10. f4 Ng6 11. Qf3 Nc6 12. Nge2 Nd4 13. Nxd4 cxd4 14. Nd5 Ne7
15. O-O Nc6 16. e5 Bc5 17. Bd3 Be6 18. Qe4 Qh4 19. g3 Qh5 20. f5 Bxd5 21. Qxd5
Ba7 22. Bd2 Rad8 23. Qe4 Rfe8 24. e6 f6 25. Rf4 Re7 26. Rh4 Qe8 27. g4 Ne5 28.
g5 Qc6 29. gxf6 gxf6 30. Qxc6 bxc6 31. Be4 c5 32. Kh1 Kh8 33. Rh3 1/2-1/2

[Event "Espalion Op"]
[Site "Espalion"]
[Date "2017.07.21"]
[Round "8.17"]
[White "Pascot, Jean"]
[Black "Dubois, Martine"]
[Result "1-0"]
[WhiteElo "1856"]
[BlackElo "1946"]
[PlyCount "69"]
[EventDate "2017.??.??"]

1. e4 d5 2. d4 dxe4 3. f3 exf3 4. Nxf3 Bg4 5. Bc4 e6 6. O-O Nf6 7. Nc3 c6 8.
Kh1 Qc7 9. Qe1 Be7 10. Ne5 Nbd7 11. Qg3 Bh5 12. Bf4 Qb6 13. Bb3 Bg6 14. Nc4 Nh5
15. Qe3 Qd8 16. Nd6+ Bxd6 17. Bxd6 Nf8 18. Ba3 Nf6 19. d5 Nxd5 20. Nxd5 cxd5
21. Rad1 Qb6 22. Bc5 Qa6 23. Qg5 f6 24. Rxf6 O-O-O 25. Rf3 Nd7 26. Bg1 Be4 27.
Re3 h6 28. Qg3 e5 29. Bxd5 Bxd5 30. Rxd5 Qxa2 31. Rc3+ Kb8 32. Rb5 a6 33. Rbb3
g5 34. Qf3 b5 35. Qe3 1-0

[Event "Espalion Op"]
[Site "Espalion"]
[Date "2017.07.21"]
[Round "8.18"]
[White "Pass, Deborah J"]
[Black "Cavailles, Evan"]
[Result "1-0"]
[WhiteElo "1920"]
[BlackElo "1806"]
[PlyCount "77"]
[EventDate "2017.??.??"]

1. e4 c5 2. c3 Nf6 3. e5 Nd5 4. d4 cxd4 5. Nf3 e6 6. cxd4 d6 7. Nc3 Nxc3 8.
bxc3 Qc7 9. Qb3 Nc6 10. Bb5 Be7 11. O-O O-O 12. Bf4 Na5 13. Qa4 a6 14. Bd3 d5
15. Qc2 g6 16. Bh6 Re8 17. h4 Bf8 18. Bxf8 Kxf8 19. Qd2 Kg7 20. Qf4 Qe7 21. h5
Bd7 22. Rfe1 Rac8 23. Rac1 Rc7 24. Nh2 g5 25. h6+ Kxh6 26. Ng4+ Kg7 27. Qh2 h5
28. Nf6 h4 29. Qh3 Rh8 30. Qg4 Kf8 31. Qxg5 Bb5 32. Bxb5 axb5 33. Re3 b4 34.
Rh3 Rxc3 35. Rcxc3 bxc3 36. Rxh4 Qxf6 37. exf6 Rxh4 38. Qxh4 Ke8 39. Qg3 1-0

[Event "Espalion Op"]
[Site "Espalion"]
[Date "2017.07.21"]
[Round "8.19"]
[White "Montsma, Foppe-Jan"]
[Black "Colandrea, Sauveur"]
[Result "1-0"]
[WhiteElo "1834"]
[BlackElo "1752"]
[PlyCount "45"]
[EventDate "2017.??.??"]

1. f4 d6 2. Nf3 Nd7 3. e4 e5 4. d3 Ngf6 5. Be2 Be7 6. O-O O-O 7. c4 c6 8. Nc3
Qb6+ 9. Kh1 Ng4 10. Qe1 exf4 11. Bxf4 Nge5 12. Qd2 Ng6 13. Bg3 Qc7 14. Nd4 Nde5
15. Nf5 Be6 16. b3 h6 17. d4 Bg5 18. Qc2 Nxc4 19. bxc4 Rad8 20. c5 Bxf5 21.
exf5 Ne7 22. cxd6 Rxd6 23. Nb5 1-0

[Event "Espalion Op"]
[Site "Espalion"]
[Date "2017.07.21"]
[Round "8.20"]
[White "Breton, Vadim"]
[Black "Hadamard, Olivier"]
[Result "0-1"]
[WhiteElo "1412"]
[BlackElo "1906"]
[PlyCount "80"]
[EventDate "2017.??.??"]

1. e4 c5 2. c3 Nf6 3. e5 Nd5 4. d4 Nc6 5. Nf3 e6 6. Bc4 Nb6 7. Bd3 h6 8. O-O d6
9. exd6 Bxd6 10. Be3 Nd5 11. Qc2 Bd7 12. Nbd2 cxd4 13. Nxd4 Rc8 14. Nb5 Bb8 15.
Ne4 Ncb4 16. Qd2 Bxb5 17. Bxb5+ Nc6 18. Rad1 O-O 19. Qc1 Qh4 20. Ng3 a6 21. Bc4
Qxc4 22. Bxh6 gxh6 23. Qxh6 Qf4 24. Qh3 Qg5 25. Nh5 Nf4 26. Nxf4 Bxf4 27. Kh1
Qh6 28. Qg4+ Qg5 29. Qh3 Rcd8 30. Rde1 Kg7 31. g3 Bb8 32. Re4 Rh8 33. Qg2 Rh6
34. f4 Qd5 35. c4 Rxh2+ 36. Kxh2 Qh5+ 37. Qh3 Rd2+ 38. Kg1 Qxh3 39. Rf2 Rd1+
40. Rf1 Rxf1# 0-1

[Event "Espalion Op"]
[Site "Espalion"]
[Date "2017.07.21"]
[Round "8.21"]
[White "Desai, Nilomi"]
[Black "Rihouey, Franck"]
[Result "0-1"]
[WhiteElo "1502"]
[BlackElo "1827"]
[PlyCount "104"]
[EventDate "2017.??.??"]

1. d4 Nf6 2. c4 g6 3. Nc3 Bg7 4. e4 d6 5. f3 O-O 6. Be3 Nfd7 7. Qd2 c5 8. d5
Ne5 9. h3 f5 10. exf5 Bxf5 11. g4 Bd7 12. f4 Nf7 13. Bd3 e5 14. dxe6 Bxe6 15.
O-O-O Qa5 16. Nge2 Nc6 17. f5 Nfe5 18. fxe6 Nb4 19. Rdf1 Nbxd3+ 20. Kb1 Rfe8
21. Nd5 Qxd2 22. Bxd2 Rxe6 23. Nc7 Nxc4 24. Kc2 Rxe2 25. Kxd3 Rxd2+ 26. Kxc4
Rc8 27. Ne6 d5+ 28. Kb3 Rxb2+ 29. Ka3 Rc6 30. Rf8+ Bxf8 31. Kxb2 Rxe6 32. Rd1
d4 33. Rd3 Re2+ 34. Kb3 Re3 35. Rxe3 dxe3 36. Kc3 b5 37. Kd3 Bh6 38. h4 Bf4 39.
h5 gxh5 40. gxh5 c4+ 41. Ke2 b4 42. Kd1 b3 43. axb3 cxb3 44. h6 b2 45. Kc2 e2
46. Kxb2 e1=Q 47. Kc2 Qd2+ 48. Kb3 Qc1 49. Kb4 Bd6+ 50. Kb3 a5 51. Ka4 Qc4+ 52.
Kxa5 Bc7# 0-1

[Event "Espalion Op"]
[Site "Espalion"]
[Date "2017.07.21"]
[Round "8.22"]
[White "Della Ragione, Enzo"]
[Black "Boulier, Rene"]
[Result "1-0"]
[WhiteElo "1705"]
[BlackElo "1608"]
[PlyCount "57"]
[EventDate "2017.??.??"]

1. c4 Nf6 2. g3 c5 3. Bg2 Nc6 4. Nc3 g6 5. Nf3 Bg7 6. O-O b6 7. Rb1 Bb7 8. a3
O-O 9. b4 d6 10. e3 Rb8 11. d4 cxd4 12. exd4 Nd7 13. Bb2 e6 14. d5 Nce5 15.
Nxe5 Nxe5 16. dxe6 fxe6 17. Nb5 Bxg2 18. Kxg2 Qd7 19. Qxd6 Qb7+ 20. f3 Nxf3 21.
Qxe6+ Kh8 22. Bxg7+ Kxg7 23. Qd5 Qxd5 24. cxd5 Nd2 25. Rxf8 Rxf8 26. Rd1 Nc4
27. Rd3 a6 28. Nc7 Rf6 29. Ne8+ 1-0

[Event "Espalion Op"]
[Site "Espalion"]
[Date "2017.07.21"]
[Round "8.23"]
[White "Martinez, Felicien"]
[Black "Herrero, Alain"]
[Result "1-0"]
[WhiteElo "1199"]
[BlackElo "1673"]
[PlyCount "97"]
[EventDate "2017.??.??"]

1. e4 c5 2. Nf3 Nc6 3. d4 cxd4 4. Nxd4 g6 5. Be3 Nf6 6. Nd2 Bg7 7. c3 d5 8. Qc2
Ng4 9. Bb5 Nxe3 10. fxe3 Bd7 11. Bd3 Rc8 12. Qb3 e5 13. N4f3 Be6 14. Qxb7 O-O
15. exd5 Bxd5 16. e4 Be6 17. Bb5 Rc7 18. Qa6 Bc8 19. Qa4 Bb7 20. O-O Qa8 21.
Rae1 a6 22. Bc4 Ne7 23. Qb3 Nc6 24. Bd5 a5 25. a3 a4 26. Qa2 Na5 27. c4 Qb8 28.
Rc1 Ba6 29. Rf2 Qb6 30. Rcf1 Bh6 31. Kh1 Be3 32. Re2 Rb8 33. Nxe5 Qd4 34. Ndf3
Qc5 35. Ng4 Bd4 36. Nxd4 Qxd4 37. Nh6+ Kg7 38. Nxf7 Bxc4 39. Bxc4 Nxc4 40. Ng5
Qe5 41. Nf3 Qf4 42. Rc2 Rbc8 43. Qb1 Qxe4 44. Qc1 Qe6 45. Qf4 Qd6 46. Qh4 Ne3
47. Rxc7+ Qxc7 48. Re1 Nf5 49. Qxa4 1-0

[Event "Espalion Op"]
[Site "Espalion"]
[Date "2017.07.21"]
[Round "8.24"]
[White "Menardo, Philippe"]
[Black "Mourgues, Joelle"]
[Result "1-0"]
[WhiteElo "1631"]
[BlackElo "1624"]
[PlyCount "91"]
[EventDate "2017.??.??"]

1. c4 c5 2. Nc3 Nc6 3. Nf3 Nf6 4. g3 g6 5. Bg2 Bg7 6. O-O O-O 7. d4 cxd4 8.
Nxd4 Nxd4 9. Qxd4 Nh5 10. Qd3 d6 11. Rd1 Qc7 12. Nd5 Qd8 13. Rb1 Bf5 14. e4 Be6
15. Be3 Bxd5 16. Qxd5 Qc7 17. Bh3 Nf6 18. Qd3 Rfd8 19. b4 a6 20. Rdc1 Qc6 21.
f3 b5 22. cxb5 Qxb5 23. Qd1 Qb8 24. Rc6 d5 25. e5 Ne8 26. f4 Qb7 27. Rb6 Qa7
28. Rc1 e6 29. Bf1 a5 30. b5 Bf8 31. Rcc6 Qe7 32. Bc5 Qd7 33. Bd6 Nxd6 34. exd6
Qa7 35. Kh1 a4 36. Qc2 Qa5 37. Qf2 Qb4 38. Ra6 Rab8 39. Kg1 Bxd6 40. Qc2 Bf8
41. Rxa4 Qe1 42. Qf2 Qb1 43. b6 Bg7 44. Ra3 d4 45. Rb3 d3 46. Rxb1 1-0

[Event "Espalion Op"]
[Site "Espalion"]
[Date "2017.07.21"]
[Round "8.25"]
[White "Marie, Olivier"]
[Black "Muratet Casadevall, Elias"]
[Result "0-1"]
[WhiteElo "1572"]
[BlackElo "1805"]
[PlyCount "54"]
[EventDate "2017.??.??"]

1. e4 Nf6 2. Nc3 d6 3. g3 g6 4. Bg2 Bg7 5. h4 h5 6. d3 c6 7. Nge2 Bg4 8. f3 Be6
9. Be3 Nbd7 10. Nf4 d5 11. Nxe6 fxe6 12. Ne2 e5 13. Bh3 d4 14. Bd2 c5 15. f4
Ng4 16. Bxg4 hxg4 17. fxe5 Nxe5 18. Nf4 Nf3+ 19. Ke2 Qd6 20. Kf2 O-O-O 21. Kg2
Rdf8 22. Qc1 Bh6 23. Rf1 e5 24. b4 exf4 25. bxc5 Qxc5 26. Rb1 Nxd2 27. Qxd2 f3+
0-1

[Event "Espalion Op"]
[Site "Espalion"]
[Date "2017.07.21"]
[Round "8.26"]
[White "Brun, Emilie"]
[Black "Verat-Fayolle, Celian"]
[Result "0-1"]
[WhiteElo "1130"]
[BlackElo "1678"]
[PlyCount "106"]
[EventDate "2017.??.??"]

1. e4 e5 2. Nf3 Nc6 3. Nc3 Nf6 4. Be2 Bb4 5. O-O O-O 6. a3 Bxc3 7. bxc3 Nxe4 8.
Bd3 Nf6 9. Re1 d6 10. h3 Re8 11. Nh2 d5 12. c4 e4 13. Be2 d4 14. d3 e3 15. fxe3
dxe3 16. c3 Bf5 17. Ng4 Nh5 18. Bf3 Nf4 19. Bxe3 Nxd3 20. Re2 Bxg4 21. Bxg4
Nce5 22. Bd4 Nxg4 23. Rxe8+ Qxe8 24. Qxg4 Ne5 25. Bxe5 Qxe5 26. Rd1 Qxc3 27.
Qd7 Qxa3 28. Qxc7 b6 29. c5 Qxc5+ 30. Qxc5 bxc5 31. Rc1 a5 32. Rxc5 a4 33. Rc1
a3 34. Ra1 a2 35. Kh2 Ra3 36. g3 g5 37. h4 gxh4 38. gxh4 f5 39. Kg2 f4 40. Kf2
Kg7 41. Ke2 Kg6 42. Kd2 f3 43. Ke1 Kh5 44. Kf2 Kxh4 45. Kf1 Kg3 46. Ke1 Kg2 47.
Kd1 f2 48. Ke2 h5 49. Kd2 f1=Q 50. Rxf1 Kxf1 51. Kc2 a1=Q 52. Kd2 Qc3+ 53. Kd1
Ra1# 0-1

[Event "Espalion Op"]
[Site "Espalion"]
[Date "2017.07.21"]
[Round "8.27"]
[White "Duvette, Michel"]
[Black "Deceuninck, Andre"]
[Result "0-1"]
[WhiteElo "1412"]
[BlackElo "1578"]
[PlyCount "60"]
[EventDate "2017.??.??"]

1. d4 c5 2. d5 f5 3. c4 g6 4. Nc3 Nf6 5. Bf4 d6 6. h3 Bg7 7. Qc2 Na6 8. Nf3 O-O
9. e3 Bd7 10. Be2 Qe8 11. O-O Nc7 12. Rad1 a6 13. Nd2 b5 14. cxb5 axb5 15. a3
b4 16. axb4 cxb4 17. Ncb1 Ncxd5 18. Bc4 Kh8 19. Bg5 Nb6 20. b3 Qc8 21. Qd3 Qc5
22. Rc1 d5 23. Ba6 Qa5 24. Bb7 Ra7 25. Bc6 Bc8 26. Bb5 e5 27. Qe2 Na8 28. Nf3
Ne4 29. Be7 Rxe7 30. Rc6 Bd7 0-1

[Event "Espalion Op"]
[Site "Espalion"]
[Date "2017.07.21"]
[Round "8.28"]
[White "Muller-Moingt, Bastien"]
[Black "Veschambre, Martin"]
[Result "0-1"]
[WhiteElo "1114"]
[BlackElo "1539"]
[PlyCount "74"]
[EventDate "2017.??.??"]

1. e4 d5 2. exd5 Nf6 3. Nc3 Nxd5 4. Bc4 e6 5. d4 Bb4 6. Bd2 Bxc3 7. Bxc3 Nxc3
8. bxc3 Bd7 9. Nf3 Nc6 10. O-O O-O 11. Bd3 Re8 12. Qe2 Qf6 13. Qe4 g6 14. Qh4
Qxh4 15. Nxh4 Ne7 16. c4 Rad8 17. Rab1 Bc8 18. Be4 Rxd4 19. f3 Rxc4 20. g3 Nd5
21. Kf2 Nc3 22. Rb3 Nxe4+ 23. fxe4 Rxc2+ 24. Ke3 Rd8 25. Ra3 a6 26. Rb1 b5 27.
Nf3 c5 28. Ne1 Rc4 29. Rbb3 Bb7 30. Rc3 Rxe4+ 31. Kf2 Rd2+ 32. Kf1 b4 33. Rxc5
bxa3 34. Ra5 Rxh2 35. Rxa3 Rh1+ 36. Kf2 Rhxe1 37. Rb3 R4e2# 0-1

[Event "Espalion Op"]
[Site "Espalion"]
[Date "2017.07.21"]
[Round "8.30"]
[White "Dewilde, Rudi"]
[Black "Callebaut, Katia"]
[Result "0-1"]
[WhiteElo "1257"]
[BlackElo "1296"]
[PlyCount "28"]
[EventDate "2017.??.??"]

1. d4 d5 2. Bf4 Nf6 3. Nc3 Bd7 4. Be5 e6 5. Bxf6 Qxf6 6. Nf3 Be7 7. Qd2 h6 8.
e4 c6 9. exd5 cxd5 10. Nb5 Bxb5 11. c4 Bb4 12. cxb5 Bxd2+ 13. Nxd2 Qxd4 14. Nf3
Qxb2 0-1

[Event "Espalion Op"]
[Site "Espalion"]
[Date "2017.07.21"]
[Round "8.31"]
[White "Saya, Yann"]
[Black "Lemaire, Frederic"]
[Result "0-1"]
[WhiteElo "1199"]
[BlackElo "1486"]
[PlyCount "80"]
[EventDate "2017.??.??"]

1. e4 e5 2. Nf3 Nc6 3. Nc3 Nf6 4. Bc4 h6 5. O-O Bc5 6. d3 O-O 7. Be3 Bxe3 8.
fxe3 d6 9. a3 Ne7 10. Bb3 Ng6 11. Qe2 Nh7 12. Rae1 Kh8 13. d4 f5 14. dxe5 fxe4
15. Nxe4 dxe5 16. Nc3 Bg4 17. h3 Bd7 18. e4 Nf4 19. Qf2 Qf6 20. Nd5 Qg6 21.
Nxc7 Nxh3+ 22. Kh1 Nxf2+ 23. Rxf2 Qh5+ 24. Kg1 Rac8 25. Nd5 Be6 26. Ne3 Bxb3
27. cxb3 Ng5 28. Nc4 Nxf3+ 29. gxf3 Rxf3 30. Rxf3 Qxf3 31. Nxe5 Qg3+ 32. Kf1
Rf8+ 33. Ke2 Qxe5 34. Kd3 Rd8+ 35. Ke3 Qxb2 36. b4 Qc3+ 37. Ke2 Rd2+ 38. Kf1
Qf3+ 39. Kg1 Qf2+ 40. Kh1 Qg2# 0-1

[Event "Espalion Op"]
[Site "Espalion"]
[Date "2017.07.22"]
[Round "9.1"]
[White "Libiszewski, Fabien"]
[Black "Cornette, Matthieu"]
[Result "1/2-1/2"]
[WhiteElo "2542"]
[BlackElo "2606"]
[PlyCount "30"]
[EventDate "2017.??.??"]

1. e4 c5 2. Nf3 e6 3. g3 d5 4. exd5 exd5 5. d4 Nf6 6. Bg2 Be7 7. O-O O-O 8.
dxc5 Bxc5 9. Nc3 Nc6 10. Bg5 Be6 11. Qd3 d4 12. Ne4 Be7 13. Nxf6+ Bxf6 14. Bxf6
Qxf6 15. Rfe1 Rfd8 1/2-1/2

[Event "Espalion Op"]
[Site "Espalion"]
[Date "2017.07.22"]
[Round "9.2"]
[White "Menard, Baptiste"]
[Black "Flear, Glenn C"]
[Result "1-0"]
[WhiteElo "2167"]
[BlackElo "2455"]
[PlyCount "117"]
[EventDate "2017.??.??"]

1. e4 e5 2. Nf3 Nc6 3. Bb5 a6 4. Ba4 Nf6 5. O-O b5 6. Bb3 Bb7 7. Nc3 Be7 8. Re1
O-O 9. Nd5 Na5 10. Nxe7+ Qxe7 11. d3 Nxb3 12. axb3 d6 13. Nh4 d5 14. Nf5 Qe6
15. Qf3 dxe4 16. dxe4 g6 17. Ng3 Rfd8 18. Bg5 Rd6 19. Rad1 Rad8 20. Bxf6 Rxd1
21. Rxd1 Rxd1+ 22. Qxd1 Qxf6 23. Qd7 Qd6 24. Qe8+ Kg7 25. h4 h5 26. b4 Bc6 27.
Qc8 Bd7 28. Qd8 Be6 29. Qg5 Qd1+ 30. Kh2 f6 31. Qe3 Qxc2 32. Qa7 Qc6 33. f3 Bf7
34. Ne2 Qb6 35. Qxb6 cxb6 36. Nc3 Bc4 37. Kg1 a5 38. Kf2 axb4 39. Nb1 Bd3 40.
Nd2 Bc2 41. g3 Kf7 42. Ke3 Ke6 43. f4 exf4+ 44. gxf4 Bd1 45. Nf1 Kf7 46. Nd2
Bg4 47. Nb3 Bd7 48. Nd4 Kg7 49. e5 fxe5 50. fxe5 g5 51. hxg5 Kg6 52. Kf4 h4 53.
e6 Be8 54. Kg4 h3 55. Nf3 Kg7 56. Kxh3 Bh5 57. Ne5 Kf8 58. g6 Bd1 59. Nd7+ 1-0

[Event "Espalion Op"]
[Site "Espalion"]
[Date "2017.07.22"]
[Round "9.3"]
[White "Flear, Christine"]
[Black "Genzling, Alain"]
[Result "0-1"]
[WhiteElo "2078"]
[BlackElo "2381"]
[PlyCount "50"]
[EventDate "2017.??.??"]

1. d4 Nf6 2. c4 g6 3. g3 Bg7 4. Bg2 d5 5. cxd5 Nxd5 6. Nf3 O-O 7. O-O Nc6 8. e4
Nb6 9. d5 Na5 10. Nc3 c6 11. dxc6 Nxc6 12. Re1 Be6 13. Ng5 Bc4 14. Be3 Nb4 15.
Bf1 Rc8 16. Bxb6 Qxb6 17. Bxc4 Rxc4 18. Qb3 Rfc8 19. Rad1 h6 20. Na4 Qc6 21.
Nf3 Nc2 22. Re2 Qxa4 23. Qxa4 Rxa4 24. b3 Rxa2 25. Rc1 Ra1 0-1

[Event "Espalion Op"]
[Site "Espalion"]
[Date "2017.07.22"]
[Round "9.4"]
[White "Sulava, Nenad"]
[Black "Moingt, Jean-Claude"]
[Result "1-0"]
[WhiteElo "2480"]
[BlackElo "2155"]
[PlyCount "39"]
[EventDate "2017.??.??"]

1. Nf3 Nf6 2. d4 c5 3. c3 e6 4. Bg5 d5 5. Nbd2 cxd4 6. cxd4 Be7 7. e3 Nc6 8.
Bd3 h6 9. Bh4 g5 10. Bg3 Nh5 11. Be5 Nxe5 12. Nxe5 Nf6 13. O-O Rg8 14. f4 g4
15. f5 exf5 16. Bxf5 Bxf5 17. Rxf5 Rg7 18. Qb3 Kf8 19. Raf1 Rg5 20. Rxf6 1-0

[Event "Espalion Op"]
[Site "Espalion"]
[Date "2017.07.22"]
[Round "9.5"]
[White "Daulyte, Deimante"]
[Black "Muratet Casadevall, Albert"]
[Result "1/2-1/2"]
[WhiteElo "2419"]
[BlackElo "2201"]
[PlyCount "85"]
[EventDate "2017.??.??"]

1. e4 Nf6 2. e5 Nd5 3. d4 d6 4. c4 Nb6 5. exd6 cxd6 6. Nc3 g6 7. h3 Bg7 8. Nf3
O-O 9. Be2 Nc6 10. O-O Bf5 11. Bg5 h6 12. Be3 d5 13. c5 Nc4 14. Bc1 b6 15. b3
bxc5 16. bxc4 cxd4 17. Nxd5 d3 18. Bxd3 Bxd3 19. Qxd3 Bxa1 20. Bxh6 Bg7 21.
Bxg7 Kxg7 22. Qc3+ Kg8 23. Re1 Re8 24. Ng5 e5 25. Qf3 Qxg5 26. Nf6+ Kg7 27.
Nxe8+ Rxe8 28. Qxc6 Qd2 29. Re3 Re6 30. Qc7 Qxa2 31. Rf3 Qa1+ 32. Kh2 Rf6 33.
Rxf6 Kxf6 34. Qd6+ Kg7 35. c5 Qd4 36. Qxd4 exd4 37. c6 d3 38. c7 d2 39. c8=Q
d1=Q 40. Qc3+ Kg8 41. Qc8+ Kg7 42. Qc3+ Kg8 43. Qc8+ 1/2-1/2